00522nam a22001577a 4500003000400000008004100004082002000045100002700065245013800092260006800230502001700298650001700315650001000332650001100342650001100353OSt260430b |||||||| |||| 00| 0 eng d a635.25891bC32E aChaudhry, Vinit Kumar. aEffect of Bio-Fertilizers and Chemical Fertilizers on Growth, Yield and Quality of Onion (Allium cepa L.) / cby Vinit Kumar Chaudhry a.- Sabour, Bhagalpurb: Bihar Agricultural College, RAUc, 2008 bPh. D.d2008 aHorticulture aOnion aThesis aPh. D.